00423nam a22001457a 4500008004100000020001700041040005500058080001900113245002900132260005000161300001500211650001200226653001300238700002600251230522b |||||||| |||| 00| 0 eng d a1-88494-34-6 aNational Science LibrarycNational Science Library aR 575(031)bP1 aEncyclopedia of genetics aLondon: bFitzroy Dearborn Publishers, c2001 axix, 952p. aScience aGenetics aReeve, Eric C R (Ed.)